| 000 | 00322 a2200109 4500 | ||
|---|---|---|---|
| 020 | _a8122401325 | ||
| 082 | _a624.1513 RAN | ||
| 100 | _aRanjan, Gopal | ||
| 245 |
_aBasic and Applied Soil Mechanics _cGopal Ranjan, A. S. R. Rao |
||
| 260 |
_aNew Delhi : _bWiley Eastern Limited, _c1993 |
||
| 300 |
_axix, 640p. : _bill. ; _c20 cm |
||
| 650 | _aSoil Mecahnics | ||
| 999 |
_c1004 _d1004 |
||